000 00767nam a2200289Ia 4500
005 20260324143136.0
008 008 260324s9999 xx 000 0 eng d
020 _a9780429312403
037 _aEBOOK
040 _aCRL
040 _beng
040 _cCRL
041 _2eng
041 _aeng
084 _qCRL
100 _aDeidre Pribram; Ramona Liera Schwichtenberg; Ron Scott; Dave Tetzlaff
_91214541
245 4 _aThe Madonna Connection
245 0 _bRepresentational Politics, Subcultural Identities, And Cultural Theory
260 _bTaylor and Francis
260 _c1993
365 _a
365 _b220
856 _uhttp://www.taylorfrancis.com/books/9780429312403
942 _cEBOOK
999 _c1819599
_d1819599